Metodología y práctica de la biogeografía /

में बचाया:
ग्रंथसूची विवरण
अन्य लेखक: Meaza Rodríguez, Guillermo (dir.) संवाहक, Martínez de Pisón, Eduardo (dirección) (dirección)
स्वरूप: पुस्तक
भाषा:स्पेनिश
प्रकाशित: Barcelona, España : Serbal, 2000, c2000
श्रृंखला:(La Estrella Polar ; 22)
विषय:
टैग: टैग जोड़ें
कोई टैग नहीं, इस रिकॉर्ड को टैग करने वाले पहले व्यक्ति बनें!

MARC

LEADER 00000nam^a2200000^a^4500
001 000154742
005 20250521000000.0
009 20260310100404.899
020 |a 84-7628-337-7 
037 |a Acervo ITESO - Biblioteca 
041 |a ESP 
082 |a 574. 9  |b MEA 
100 |a Meaza Rodríguez, Guillermo  |e (dir.) 
245 1 0 |a Metodología y práctica de la biogeografía /  |c Dir., coord., ed. e introd. de G. Meaza Rodríguez ; pról. de Eduardo Martínez de Pisón. 
264 4 |a Barcelona, España :  |b Serbal,  |c 2000, c2000 
300 |a 223 p. 
336 |a texto  |b txt  |2 rdacontenido 
337 |a sin mediación  |b n  |2 rdamedio 
338 |a volumen  |b nc  |2 rdasoporte 
440 4 |a (La Estrella Polar ;  |v 22) 
649 |a XX 
650 |a Vegetación y Clima 
650 |a Fitogeografía 
650 |a Botánica 
650 |a Zoogeografía 
650 |a Zoología 
650 |a Ecología 
650 |a Biogeografía -  |x Metodología 
650 |a Biología 
650 |a Ciencias Naturales 
700 |a Martínez de Pisón, Eduardo  |e (dirección) 
910 |a Fondo General 
920 |a Impresos - Libros 
930 |a Colección General 
905 |a 101 
901 |a 0500086345  |b IT1  |c ACC  |u 20250521 
902 |a https://opac.biblio.iteso.mx/vufind/Record/000154742